[Event "El Vendrell op 3rd"]
[Site "El Vendrell"]
[Date "2023.07.15"]
[Round "1"]
[White "Cruz Estrada, Filemon"]
[Black "Contreras Fernandez, Joan"]
[Result "1-0"]
[WhiteElo "2271"]
[BlackElo "1602"]
[PlyCount "67"]
[EventDate "2023.07.15"]
[EventType "swiss (rapid)"]
[EventRounds "9"]
[EventCountry "ESP"]
[SourceTitle "CBM 215 Extra"]
[Source "ChessBase"]
[SourceDate "2023.09.30"]
[SourceVersion "1"]
[SourceVersionDate "2023.09.30"]
[SourceQuality "1"]

1. c4 f5 2. g3 Nf6 3. Bg2 e6 4. Nh3 Nc6 5. 0-0 Be7 6. d4 0-0 7. Nc3 d5 8. e3 Ne4 9. Nf4 Bd6 10. cxd5 Nxc3 11. bxc3 Bxf4 12. dxc6 bxc6 13. exf4 Ba6 14. Re1 Qd7 15. Qb3 Rae8 16. Qa3 Bc4 17. Qxa7 Rf6 18. Qc5 Bd5 19. f3 Rh6 20. c4 Qf7 21. cxd5 Qh5 22. h4 exd5 23. Ba3 Rd6 24. Re5 Qg6 25. Kf2 h6 26. Rae1 Rb8 27. Re7 Rb5 28. Qc2 Rd8 29. Rxc7 Ra8 30. Rxc6 Qh5 31. Rc8+ Rxc8 32. Qxc8+ Kh7 33. Re8 Qf7 34. Rh8+ 1-0

[Event "Sant Miquel Olerdola op 14th"]
[Site "Sant Miquel Olerdola"]
[Date "2023.06.02"]
[Round "8"]
[White "Canales Garcia, Vicenc"]
[Black "Contreras Fernandez, Joan"]
[Result "1-0"]
[WhiteElo "1940"]
[BlackElo "1577"]
[PlyCount "130"]
[EventDate "2023.04.14"]
[EventType "swiss"]
[EventRounds "8"]
[EventCountry "ESP"]
[SourceTitle "EXT 2024"]
[Source "ChessBase"]
[SourceDate "2023.10.10"]
[SourceVersion "1"]
[SourceVersionDate "2023.10.10"]
[SourceQuality "1"]

1. e4 e6 2. d3 d5 3. Nd2 Nf6 4. Ngf3 c5 5. g3 Nc6 6. Bg2 dxe4 7. dxe4 e5 8. 0-0 Nd4 9. Nxe5 Bd6 10. Nec4 Bc7 11. c3 Ne6 12. a4 Rb8 13. Qc2 0-0 14. Ne3 Ng5 15. h4 Ne6 16. Nd5 Re8 17. Nc4 b6 18. Rd1 Bd7 19. Nxf6+ gxf6 20. Ne3 Qc8 21. Nd5 Bd8 22. Qd2 Nf8 23. Qh6 f5 24. Bf4 fxe4 25. Bxb8 Qxb8 26. Nf6+ Bxf6 27. Qxf6 Re6 28. Qg5+ Rg6 29. Qe3 Bg4 30. Rd5 Bf3 31. Rg5 Bxg2 32. Kxg2 Qe8 33. h5 Rg7 34. Rxg7+ Kxg7 35. Qg5+ Kh8 36. Rd1 Ne6 37. Qe5+ Kg8 38. Qxe4 Qe7 39. f4 Nxf4+ 40. Kf3 Ne6 41. Qf5 h6 42. Kf2 Ng7 43. Qf3 Ne6 44. Re1 Qd7 45. Qe3 Kg7 46. Qe5+ Kh7 47. Re2 Qxa4 48. Qe4+ Qxe4 49. Rxe4 b5 50. Re5 a5 51. Rd5 b4 52. Rd7 Kg7 53. Ra7 Kf6 54. Rxa5 bxc3 55. bxc3 Ke5 56. Ke3 Kf5 57. Ra4 Kg5 58. Ra7 f6 59. Re7 Kf5 60. g4+ Ke5 61. Rh7 f5 62. gxf5 Kxf5 63. Rxh6 Nc7 64. Rc6 Nd5+ 65. Kd2 Kf4 1-0

[Event "Barcelona Sants op-C 23rd"]
[Site "Barcelona"]
[Date "2022.08.22"]
[Round "4"]
[White "Contreras Fernandez, Joan"]
[Black "Roig Jaen, Ian"]
[Result "1/2-1/2"]
[WhiteElo "1611"]
[BlackElo "1292"]
[PlyCount "37"]
[EventDate "2022.08.19"]
[EventType "swiss"]
[EventRounds "10"]
[EventCountry "ESP"]
[SourceTitle "EXT 2023"]
[Source "ChessBase"]
[SourceDate "2022.10.05"]
[SourceVersion "1"]
[SourceVersionDate "2022.10.05"]
[SourceQuality "1"]

1. d4 Nf6 2. c4 g6 3. Nc3 d5 4. Nf3 Bg7 5. e3 0-0 6. Bd3 c5 7. cxd5 Nxd5 8. Nxd5 Qxd5 9. dxc5 Qxc5 10. 0-0 Nc6 11. a3 Rd8 12. Qc2 Qxc2 13. Bxc2 Bg4 14. Rb1 Bxf3 15. gxf3 Ne5 16. Be4 Rd7 17. f4 Nc4 18. b3 Nd6 19. Bd3 1/2-1/2

[Event "Vilafranca del Penedes op 8th"]
[Site "Vilafranca del Penedes"]
[Date "2014.05.16"]
[Round "7"]
[White "Vinas Racionero, Josep Claudi"]
[Black "Contreras Fernandez, Joan"]
[Result "1-0"]
[WhiteElo "2122"]
[BlackElo "1995"]
[PlyCount "95"]
[EventDate "2014.03.28"]
[EventType "swiss"]
[EventRounds "8"]
[EventCountry "ESP"]
[SourceTitle "EXT 2015"]
[Source "ChessBase"]
[SourceDate "2014.11.20"]
[SourceVersion "1"]
[SourceVersionDate "2014.11.20"]
[SourceQuality "1"]

1. d4 e6 2. c4 f5 3. Nc3 Nf6 4. Nf3 Be7 5. Bf4 0-0 6. e3 c6 7. Bd3 d5 8. 0-0 Ne4 9. Bxe4 fxe4 10. Ne5 Nd7 11. f3 Nxe5 12. Bxe5 exf3 13. Rxf3 Bd7 14. Qe2 Rxf3 15. Qxf3 Bf6 16. cxd5 Bxe5 17. dxe5 exd5 18. Nxd5 cxd5 19. Qxd5+ Kh8 20. Rd1 Qb6 21. Qxd7 Qxe3+ 22. Kh1 Qxe5 23. Qxb7 Re8 24. h3 Qe2 25. Qd7 h6 26. Qd2 Qa6 27. Qc3 Qxa2 28. Rd7 Rg8 29. Qd4 a6 30. Kh2 Qb3 31. Rd6 Qb8 32. Kh1 Kh7 33. Rxa6 Rd8 34. Qe4+ Kh8 35. Qe2 Re8 36. Rb6 Qc8 37. Qd2 Rf8 38. Qc3 Rf1+ 39. Kh2 Qxc3 40. bxc3 Rc1 41. Rc6 Kg8 42. h4 Kf7 43. h5 Re1 44. g4 Re4 45. Kg3 Re1 46. Kf4 Rf1+ 47. Ke5 Rg1 48. Rg6 1-0

[Event "Sant Boi op-B"]
[Site "Sant Boi de Llobregat"]
[Date "2000.05.26"]
[Round "3"]
[White "Contreras Fernandez, Joan"]
[Black "Santacana Tous, Josep"]
[Result "1-0"]
[WhiteElo "1935"]
[BlackElo "1760"]
[PlyCount "37"]
[EventDate "2000.05.12"]
[EventType "swiss"]
[EventRounds "5"]
[EventCountry "ESP"]
[SourceTitle "EXT 2003"]
[Source "ChessBase"]
[SourceDate "2002.11.25"]
[SourceVersion "1"]
[SourceVersionDate "2002.11.25"]
[SourceQuality "1"]

1. Nf3 Nf6 2. d4 g6 3. c4 Bg7 4. Nc3 d6 5. e4 Bg4 6. Be2 Nbd7 7. Bg5 Bxf3 8. Bxf3 e5 9. d5 c6 10. dxc6 Nc5 11. cxb7 Rb8 12. Be3 Qc7 13. 0-0 Rxb7 14. Nb5 Rxb5 15. cxb5 Nfxe4 16. Bxe4 Nxe4 17. b6 axb6 18. Qa4+ Ke7 19. Qxe4 1-0

[Event "Martorell op-B"]
[Site "Martorell"]
[Date "1997.??.??"]
[Round "4"]
[White "Contreras Fernandez, Joan"]
[Black "Sanchez Martin, Marc"]
[Result "1/2-1/2"]
[WhiteElo "1830"]
[BlackElo "1985"]
[PlyCount "89"]
[EventDate "1997.09.??"]
[EventType "swiss"]
[EventRounds "8"]
[EventCountry "ESP"]
[SourceTitle "EXT 2003"]
[Source "ChessBase"]
[SourceDate "2002.11.25"]
[SourceVersion "1"]
[SourceVersionDate "2002.11.25"]
[SourceQuality "1"]

1. Nf3 Nf6 2. d4 d5 3. Bg5 g6 4. c3 Bg7 5. Nbd2 c6 6. e3 0-0 7. Bd3 Nbd7 8. Qc2 c5 9. dxc5 Nxc5 10. 0-0-0 Qa5 11. Bxf6 Bxf6 12. Nb3 Nxd3+ 13. Rxd3 Qxa2 14. Kd2 Bf5 15. Ra1 Bxd3 16. Kxd3 Qxa1 17. Nxa1 e5 18. Ke2 a5 19. Qb3 Rfd8 20. Qb6 Kg7 21. g4 g5 22. Nc2 Rd7 23. Nce1 a4 24. Qb5 Rdd8 25. Ng2 a3 26. bxa3 Rxa3 27. Qb2 Rda8 28. Qxb7 Ra2+ 29. Kf1 Ra1+ 30. Nge1 R8a5 31. Qd7 Rc1 32. Qf5 Ra8 33. e4 dxe4 34. Qxe4 Rxc3 35. Kg2 Ra7 36. Nxe5 Re7 37. N1d3 Bxe5 38. Nxe5 Rc5 39. f4 gxf4 40. Qxf4 Rcxe5 41. Qd4 f6 42. Kg3 Re3+ 43. Kf4 Re1 44. h4 Rh1 45. Kg3 1/2-1/2

[Event "Martorell op-B"]
[Site "Martorell"]
[Date "1997.??.??"]
[Round "7"]
[White "Ordieres Palacios, Juan R"]
[Black "Contreras Fernandez, Joan"]
[Result "1-0"]
[WhiteElo "1950"]
[BlackElo "1830"]
[PlyCount "83"]
[EventDate "1997.09.??"]
[EventType "swiss"]
[EventRounds "8"]
[EventCountry "ESP"]
[SourceTitle "EXT 2003"]
[Source "ChessBase"]
[SourceDate "2002.11.25"]
[SourceVersion "1"]
[SourceVersionDate "2002.11.25"]
[SourceQuality "1"]

1. e4 e6 2. Nf3 d5 3. exd5 exd5 4. Bb5+ c6 5. Be2 Bg4 6. 0-0 Bd6 7. Re1 Ne7 8. Nd4 Bxe2 9. Qxe2 0-0 10. d3 Qc7 11. h3 Na6 12. Bg5 Rae8 13. Qd2 Be5 14. Bxe7 Rxe7 15. Nf5 Re6 16. d4 Bf4 17. Qc3 Bd6 18. Nd2 Qd7 19. Nxd6 Qxd6 20. Nf3 Rfe8 21. Ne5 Qb4 22. Qf3 f6 23. c3 Qf8 24. Nd3 b5 25. a3 Nc7 26. Rxe6 Nxe6 27. a4 Ng5 28. Qg4 Qf7 29. axb5 cxb5 30. Ra5 Qg6 31. Qd7 Nf3+ 32. Kh1 Nh4 33. Qxd5+ Kh8 34. Qc6 Nxg2 35. Rxa7 h5 36. Qxg2 Qh6 37. Ra8 Rxa8 38. Qxa8+ Kh7 39. Qe4+ Kh8 40. Nf4 Qg5 41. Qe8+ Kh7 42. Qxh5+ 1-0